000 00750nam a2200205Ia 4500
003 GCL
008 140319s9999 xx 000 0 ara d
040 _aGCL /
_cGCL
082 0 4 _a364.36
_bف.ق
100 1 _aفتوح عبدالله الشاذلى
245 1 0 _aقواعد الامم المتحدة لتنظيم قضايا الاحداث: دراسة تاميلية مقارنة بقوانين الاحداث العربية /
_cفتوح عبدالله الشاذلى
260 _a[S.N] :
_bدار المطبوعات الجامعية ،
_c1991
300 _a156 ص
490 _a
650 0 4 _aالقانون الجنائى
650 0 4 _aالقانون
650 0 4 _aالاحداث
650 0 4 _aجرائم الاحداث
942 _2ddc
_cBK
999 _c53885
_d53885